| 000 | 00843nam a22003017a 4500 | ||
|---|---|---|---|
| 001 | BR2010004173 | ||
| 003 | BR-BrBNA | ||
| 005 | 20230928103537.0 | ||
| 007 | ta | ||
| 008 | 230509b bl.||||| |||| 00| 0 por d | ||
| 040 |
_aBR-BrBNA _bpor _cBiblioteca Nacional de Agricultura |
||
| 041 | _a(Eng, Por) | ||
| 072 | _aF04; H10; H20 | ||
| 090 | _ F04 BR2010004173 | ||
| 100 | 1 | _aLima Filho, O.F. | |
| 110 | 1 | _aEMBRAPA Agropecuária Oeste, Dourados, MS (Brasil) | |
| 245 | 1 | _aHistória e uso do silicato de sódio na agricultura | |
| 260 | 3 |
_aDourados, MS (Brasil): _c2009. |
|
| 300 | _a112 p. | ||
| 500 | _a172 ref. | ||
| 650 | _aSILICATO DE SÓDIO | ||
| 650 | _aELEMENTO QUÍMICO | ||
| 650 | _aAGRICULTURA ORGÂNICA | ||
| 650 | _aPRAGA DE PLANTA | ||
| 650 | _aDOENÇA | ||
| 909 |
_a202309 _bLucia _c55 _dLucia Elande |
||
| 942 | _cBK | ||
| 999 |
_c75547 _d75547 |
||